[Event "Puspokladany Arnoth Memorial-A 16th"]
[Site "Puspokladany"]
[Date "2023.07.27"]
[Round "2"]
[White "Keseru, Tibor"]
[Black "Toth, Tamas"]
[Result "0-1"]
[WhiteElo "1882"]
[BlackElo "2149"]
[PlyCount "76"]
[EventDate "2023.07.26"]
[EventType "swiss"]
[EventRounds "9"]
[EventCountry "HUN"]
[SourceTitle "EXT 2025"]
[Source "ChessBase"]
[SourceDate "2024.10.14"]
[SourceVersion "1"]
[SourceVersionDate "2024.10.14"]
[SourceQuality "1"]

1. e4 e5 2. Nf3 Nc6 3. Bb5 Nge7 4. 0-0 g6 5. d4 exd4 6. Nxd4 Bg7 7. Be3 0-0 8. Nc3 d6 9. Qd2 a6 10. Nxc6 bxc6 11. Ba4 c5 12. Bh6 Be6 13. Bxg7 Kxg7 14. Bb3 Nc6 15. Bd5 Bxd5 16. Nxd5 Rb8 17. b3 Re8 18. f3 Nd4 19. Rf2 c6 20. Ne3 Qf6 21. Rd1 h5 22. c3 Nb5 23. c4 Nd4 24. Nc2 Ne6 25. Qa5 Nf4 26. Qxa6 Rbc8 27. Rfd2 Qg5 28. Ne1 d5 29. cxd5 cxd5 30. Nd3 Ra8 31. Qc6 dxe4 32. fxe4 Nxd3 33. Rxd3 Rxa2 34. g3 Re6 35. Qd7 Rf6 36. Qh3 Qe5 37. R3d2 Rxd2 38. Rxd2 Qa1+ 0-1

[Event "Puspokladany Arnoth Memorial 15th"]
[Site "Puspokladany"]
[Date "2022.07.28"]
[Round "2"]
[White "Bodo, Norbert1"]
[Black "Keseru, Tibor"]
[Result "0-1"]
[WhiteElo "1596"]
[BlackElo "1833"]
[PlyCount "48"]
[EventDate "2022.07.27"]
[EventType "swiss"]
[EventRounds "9"]
[EventCountry "HUN"]
[SourceTitle "EXT 2023"]
[Source "ChessBase"]
[SourceDate "2022.10.05"]
[SourceVersion "1"]
[SourceVersionDate "2022.10.05"]
[SourceQuality "1"]

1. e4 c5 2. Nc3 e6 3. g3 Nc6 4. Bg2 Nge7 5. f4 g6 6. Nf3 Bg7 7. d3 0-0 8. 0-0 d5 9. e5 a6 10. Rb1 b5 11. d4 c4 12. Be3 Qa5 13. a3 Rb8 14. Bd2 Qb6 15. Ne2 a5 16. b4 cxb3 17. cxb3 b4 18. a4 Nf5 19. Bc1 Ba6 20. Rf2 Bxe2 21. Rxe2 Nfxd4 22. Nxd4 Nxd4 23. Rf2 Nf5 24. Kh1 Qxf2 0-1

[Event "Puspokladany Arnoth Memorial 11th"]
[Site "Puspokladany"]
[Date "2018.07.28"]
[Round "6"]
[White "Keseru, Tibor"]
[Black "Sandor, Imre1"]
[Result "1-0"]
[WhiteElo "1899"]
[BlackElo "1840"]
[PlyCount "94"]
[EventDate "2018.07.25"]
[EventType "swiss"]
[EventRounds "9"]
[EventCountry "HUN"]
[SourceTitle "CBM 186 Extra"]
[Source "ChessBase"]
[SourceDate "2018.08.24"]
[SourceVersion "1"]
[SourceVersionDate "2018.08.24"]
[SourceQuality "1"]

1. e4 d6 2. Nc3 Nf6 3. h4 g6 4. Be2 h5 5. d4 b6 6. Bf4 Bb7 7. f3 Nbd7 8. Qd2 Bg7 9. Nh3 c5 10. d5 a6 11. a4 Qc7 12. Ng5 Ne5 13. Nd1 c4 14. Bxe5 dxe5 15. Qb4 Rc8 16. Ne3 0-0 17. Nxc4 a5 18. Qa3 Ba6 19. b3 Nxd5 20. exd5 e4 21. Nxe4 Bxa1 22. Qxa1 Rcd8 23. Qe5 Qxe5 24. Nxe5 Rxd5 25. Bxa6 Rxe5 26. Kf2 Rd8 27. Bd3 Kg7 28. Re1 e6 29. Ng5 Rxe1 30. Kxe1 Rd5 31. Kf2 Kf6 32. Ne4+ Ke7 33. Ke3 f5 34. Ng5 Kf6 35. Bc4 Rd6 36. Nxe6 Rxe6+ 37. Bxe6 Kxe6 38. Kf4 Kf6 39. g3 Ke6 40. Kg5 Kf7 41. c3 Kg7 42. b4 Kf7 43. bxa5 bxa5 44. c4 Ke6 45. Kxg6 Kd6 46. Kxh5 Kc5 47. Kg5 Kxc4 1-0

[Event "Puspokladany Arnoth Memorial 11th"]
[Site "Puspokladany"]
[Date "2018.07.27"]
[Round "5"]
[White "Varga, Marcell1"]
[Black "Keseru, Tibor"]
[Result "1-0"]
[WhiteElo "1999"]
[BlackElo "1899"]
[PlyCount "107"]
[EventDate "2018.07.25"]
[EventType "swiss"]
[EventRounds "9"]
[EventCountry "HUN"]
[SourceTitle "CBM 186 Extra"]
[Source "ChessBase"]
[SourceDate "2018.08.24"]
[SourceVersion "1"]
[SourceVersionDate "2018.08.24"]
[SourceQuality "1"]

1. h3 d6 2. Nf3 e5 3. d3 Nc6 4. g3 Nf6 5. Bg2 Be7 6. 0-0 0-0 7. c4 h6 8. a3 a5 9. Nc3 Be6 10. Bd2 Qd7 11. Kh2 Nh7 12. Nd5 Bd8 13. b4 axb4 14. axb4 Rxa1 15. Qxa1 Ne7 16. Nc3 f5 17. Qa4 Ng6 18. Qxd7 Bxd7 19. Ra1 f4 20. g4 c6 21. Ne4 Bc7 22. Ra7 Rb8 23. c5 d5 24. Nc3 Nf6 25. Kg1 Ne7 26. d4 Nc8 27. Ra2 e4 28. Ne5 g5 29. Nxd7 Nxd7 30. b5 Nf8 31. e3 f3 32. Bf1 Ne6 33. Ra4 Nf8 34. Na2 Ng6 35. Nb4 cxb5 36. Bxb5 Nge7 37. Bd7 Kf7 38. Bc1 b6 39. c6 Nd6 40. Na6 Ra8 41. Ra3 Nb5 42. Nxc7 Nxc7 43. Rxa8 Nxa8 44. Ba3 Nc7 45. Bd6 Nb5 46. Bb8 Nxc6 47. Bxc6 Nc3 48. Bc7 Ke6 49. Bxb6 Ne2+ 50. Kf1 Nc1 51. Bb5 Nb3 52. Ke1 Nc1 53. Kd2 Nb3+ 54. Kc2 1-0

[Event "Puspokladany Arnoth Memorial 10th"]
[Site "Puspokladany"]
[Date "2017.07.28"]
[Round "5"]
[White "Keseru, Tibor"]
[Black "Balogh, Peter1"]
[Result "1/2-1/2"]
[WhiteElo "1854"]
[BlackElo "2153"]
[PlyCount "79"]
[EventDate "2017.07.26"]
[EventType "swiss"]
[EventRounds "9"]
[EventCountry "HUN"]
[SourceTitle "EXT 2019"]
[Source "ChessBase"]
[SourceDate "2018.10.10"]
[SourceVersion "1"]
[SourceVersionDate "2018.10.10"]
[SourceQuality "1"]

1. e4 g6 2. h4 h5 3. Nc3 Bg7 4. d4 d6 5. f3 a6 6. a4 Nd7 7. Be3 Ngf6 8. Nh3 c6 9. Qd2 Rb8 10. Be2 b5 11. axb5 axb5 12. 0-0 Nb6 13. Nf4 Nfd7 14. d5 b4 15. dxc6 bxc3 16. cxd7+ Bxd7 17. bxc3 Na4 18. Ra3 Rc8 19. c4 0-0 20. Nd5 e6 21. Rxa4 Bxa4 22. Nb6 Qxh4 23. Bg5 Qxg5 24. Qxg5 Bd4+ 25. Kh1 Bxb6 26. Bd3 Kg7 27. f4 f6 28. Qg3 e5 29. Qh3 Rfe8 30. Qf3 Bd4 31. Rb1 Rb8 32. Rxb8 Rxb8 33. g4 Rb1+ 34. Kh2 h4 35. g5 exf4 36. gxf6+ Bxf6 37. Qf2 Be5 38. Qa7+ Kh6 39. Kg2 Ra1 40. Qe7 1/2-1/2

[Event "HUN-chT2 Toth 1617"]
[Site "Hungary"]
[Date "2017.04.09"]
[Round "11.6"]
[White "Keseru, Tibor"]
[Black "Papp, Bence"]
[Result "1/2-1/2"]
[WhiteElo "1840"]
[BlackElo "1793"]
[PlyCount "77"]
[EventDate "2016.09.25"]
[EventType "team-tourn"]
[EventRounds "11"]
[EventCountry "HUN"]
[SourceTitle "EXT 2021"]
[Source "ChessBase"]
[SourceDate "2020.10.23"]
[SourceVersion "1"]
[SourceVersionDate "2020.10.23"]
[SourceQuality "1"]
[WhiteTeam "Nadudvar"]
[BlackTeam "Szeged Meritum"]
[WhiteTeamCountry "HUN"]
[BlackTeamCountry "HUN"]

1. e4 c5 2. Nc3 d6 3. g3 Nf6 4. d3 Nc6 5. Bg2 e5 6. f4 Be7 7. Nf3 0-0 8. 0-0 exf4 9. Bxf4 Be6 10. Ng5 Bg4 11. Qd2 h6 12. Nf3 Be6 13. Rfe1 Ng4 14. h3 Nge5 15. Nxe5 dxe5 16. Be3 Qd7 17. Kh2 Rad8 18. Rad1 Nd4 19. Rf1 Nb5 20. Nd5 Bxd5 21. exd5 f5 22. Qa5 f4 23. gxf4 exf4 24. Bg1 Bd6 25. Kh1 f3 26. c4 fxg2+ 27. Kxg2 Nd4 28. Bxd4 cxd4 29. Qxa7 Be5 30. Qc5 Rf5 31. Rxf5 Qxf5 32. Qe7 Qg6+ 33. Kh1 Re8 34. Qh4 Qf5 35. Qg4 Qxg4 36. hxg4 Bd6 37. Rc1 Kf7 38. c5 Bf4 39. Rc4 1/2-1/2

[Event "Puspokladany Arnoth Memorial 04th"]
[Site "Puspokladany"]
[Date "2011.07.27"]
[Round "1"]
[White "Keseru, Tibor"]
[Black "Chereches, Marius"]
[Result "0-1"]
[WhiteElo "1815"]
[BlackElo "2280"]
[PlyCount "188"]
[EventDate "2011.07.27"]
[EventType "swiss"]
[EventRounds "9"]
[EventCountry "HUN"]
[SourceTitle "EXT 2018"]
[Source "ChessBase"]
[SourceDate "2017.10.13"]
[SourceVersion "1"]
[SourceVersionDate "2017.10.13"]
[SourceQuality "1"]

1. e4 c5 2. Nc3 e6 3. g3 d5 4. Bg2 dxe4 5. Bxe4 Be7 6. d3 Nf6 7. Bg2 0-0 8. f4 Nd5 9. Nxd5 exd5 10. Nf3 Nc6 11. 0-0 Bf6 12. c3 Bf5 13. Ne5 Re8 14. Qb3 Bxe5 15. fxe5 Bxd3 16. Bxd5 Nxe5 17. Rxf7 Nxf7 18. Bxf7+ Kh8 19. Bxe8 Qxe8 20. Qd1 Qe4 21. Bf4 Re8 22. Qd2 Bb5 23. Qg2 Qe6 24. h4 Bc6 25. Qf2 Qh3 26. Qg2 Qg4 27. Qf2 Qh3 28. Qh2 Qxh2+ 29. Kxh2 Re2+ 30. Kg1 Rxb2 31. Rd1 Kg8 32. Rd2 Rb1+ 33. Kf2 Kf7 34. Bb8 a6 35. Ba7 c4 36. Ke3 Rg1 37. Bb8 Re1+ 38. Re2 Rd1 39. Rd2 Ra1 40. Kd4 Bb5 41. Be5 h5 42. Bc7 Kg6 43. Be5 Bd7 44. Kc5 Bf5 45. Kxc4 Be6+ 46. Kd3 Bxa2 47. Rb2 Bd5 48. c4 Ra3+ 49. Kd4 Bc6 50. c5 Ra4+ 51. Kd3 Bb5+ 52. Kd2 Re4 53. Bd6 Bc6 54. Rb3 a5 55. Kc3 a4 56. Ra3 Kf5 57. Kc2 Kg4 58. Rd3 Rb4 59. Ra3 Bd5 60. Rc3 Be4+ 61. Kd2 Bc6 62. Kc2 Rd4 63. Be5 Rd7 64. Kc1 g6 65. Kc2 Rd5 66. Bf4 Rd4 67. Be5 Re4 68. Bd6 Re2+ 69. Kd1 Ra2 70. Kc1 Rf2 71. Rc4+ Kh3 72. Rc3 Rg2 73. Be5 Re2 74. Bd6 Bd5 75. Bf4 Kg4 76. Bd6 Kf5 77. Kd1 Rg2 78. Re3 Be4 79. Kc1 Rc2+ 80. Kd1 Ra2 81. Kc1 a3 82. Bf8 Rc2+ 83. Kd1 a2 84. Ra3 Rg2 85. Bg7 Ke6 86. Kc1 Kd5 87. Bf8 Rc2+ 88. Kd1 Rf2 89. Bg7 Kxc5 90. Re3 Kd5 91. Ba1 b5 92. Ke1 Rh2 93. Bc3 Rh1+ 94. Kd2 a1Q 0-1